| 000 | 00709nam a2200253Ia 4500 | ||
|---|---|---|---|
| 003 | GCL | ||
| 008 | 140319s9999 xx 000 0 ara d | ||
| 040 |
_aGCL / _cGCL |
||
| 082 | 0 | 4 |
_a241 _bم ن |
| 100 | 1 | _aمحمد احمد الشهاوى | |
| 245 | 1 | 0 |
_aنواميس الله فى الكون / _cمحمد احمد الشهاوى |
| 260 |
_a[S.N] : _bالهيئة المصرية العامة للكتاب ، _c1992 |
||
| 300 | _a179 ص | ||
| 490 | _a | ||
| 650 | 0 | 4 | _aاللاهوت |
| 650 | 0 | 4 | _aالفلك |
| 650 | 0 | 4 | _aالكون |
| 650 | 0 | 4 | _aالخلق |
| 650 | 0 | 4 | _aالكواكب |
| 650 | 0 | 4 | _aالشمس |
| 650 | 0 | 4 | _aالكونيات |
| 650 | 0 | 4 | _aالمدارات |
| 942 |
_2ddc _cBK |
||
| 999 |
_c29482 _d29482 |
||